Szczegóły MARC21

Gospodarstwa domowe i rodziny w województwie zachodniopomorskim : charakterystyka demograficzna : Narodowy Spis Powszechny Ludności i Mieszkań 2011 /

003 -Nazwa inst., której nr kontr. jest w polu 001 [,]
    • @
    • Nazwa instytucji, której n kontrolny jest w polu 001
    • NUKAT
005 -DATA I CZAS OSTATNIEJ MODYFIKACJI [,]
    • @
    • pole kontrolne
    • 20241231110622.0
020 -Międzynarod. znormalizowany nr książki - ISBN [ , ]
    • a
    • Numer ISBN
    • 9788388718892 Find
040 -Instytucja sporządzająca opis [ , ]
    • a
    • Instytucja, która sporządziła opis (NP)
    • WA 015/EZ
    • c
    • Instytucja, która sporządziła rekord (NP)
    • WA 015/EZ
    • d
    • Instytucja, która zmodyfikowała rekord (P)
    • WA 015/MR
    • d
    • Instytucja, która zmodyfikowała rekord (P)
    • WR U/mbos
041 -Język dokumentu [0, ]
    • a
    • Język tekstu (P)
    • polski
    • a
    • Język tekstu (P)
    • angielski
942 -Rodzaj dokumentu [ , ]
    • c
    • Rodzaj dokumentu
    • Książka
245 -Strefa tytułu i oznaczenia odpowiedzialności [0,0]
    • a
    • Tytuł
    • Gospodarstwa domowe i rodziny w województwie zachodniopomorskim : Find
    • b
    • Ciąg dalszy tytułu (NP)
    • charakterystyka demograficzna : Narodowy Spis Powszechny Ludności i Mieszkań 2011 / Find
    • c
    • Pozostałe elementy strefy tytułu i oznaczenia odpowiedzialności (NP)
    • [zespół red. przewodn. Dominik Rozkrut ; red. gł. Renata Wronkowska ; oprac. publ. Ewa Kacperczyk et al.] ; Urząd Statystyczny w Szczecinie.
246 -Wariant tytułu [3,0]
    • a
    • Tytuł (NP)
    • Narodowy Spis Powszechny Ludności i Mieszkań 2011
260 -Strefa adresu wydawniczego [ , ]
    • a
    • Miejsce wydania (P)
    • Szczecin :
    • b
    • Nazwa wydawcy (P)
    • Urząd Statystyczny,
    • c
    • Data wydania (P)
    • 2014.
300 -Strefa opisu fizycznego [ , ]
    • a
    • Określenie formy książki i/lub objętość (NP)
    • 56 s. :
    • b
    • Oznaczenie ilustracji (NP)
    • il. ;
    • c
    • Format (NP)
    • 30 cm +
    • e
    • Oznaczenie dokumentu towarzyszącego (NP)
    • dysk optyczny (CD-ROM).
336 -Typ zawartości [ , ]
    • a
    • Termin opisujący typ zawartości
    • Tekst
    • b
    • Kod określający zawartość
    • txt
    • 2
    • Źródło (terminu i kodu)
    • rdacontent
337 -Typ mediów [ , ]
    • a
    • Tryb odtwarzania
    • Bez urządzenia pośredniczącego
    • b
    • Kod typu mediów
    • n
    • 2
    • Źródło (terminu i kodu)
    • rdamedia
338 -Typ/rodzaj nośnika [ , ]
    • a
    • Hasło opisujące typ nośnika
    • Wolumin
    • b
    • Kod typu nośnika
    • nc
    • 2
    • Źródło (terminu i kodu)
    • rdacarrier
500 -Uwaga ogólna [ , ]
    • a
    • Uwaga ogólna (NP)
    • Dok. towarzyszący zawiera wersję elektroniczną publikacji, szerszy zakres tablic wynikowych oraz tablice precyzji.
530 -Uwaga dot. innej postaci fizycznej dokumentu [ , ]
    • a
    • Uwaga dot. innej postaci fizycznej dokumentu
    • Publikacja dostępna również w formie elektronicznej.
546 -Uwaga dot. języka [ , ]
    • a
    • Uwaga dot. języka
    • Tekst częśc. pol., ang.
080 -Uniwersalna Klasyfikacja Dziesiętna [ , ]
    • 2
    • Identyfikator wydania tablic
    • UDC-P058
    • 9
    • UKD
    • 2729
    • a
    • Symbol klasyfikacji
    • 314.117.3
    • b
    • Dopowiedzenie
    • Gospodarstwa domowe.
    • 4
    • UKD2
    • 7642
    • x
    • Poddział wspólny
    • (438)
    • c
    • Dopowiedzenie poddz. wspólnego
    • (Polska).
    • 4
    • UKD2
    • 8220
    • x
    • Poddział wspólny
    • "20"
    • c
    • Dopowiedzenie poddz. wspólnego
    • Wiek XXI.
    • 4
    • UKD2
    • 13163
    • x
    • Poddział wspólny
    • (083.41)
    • c
    • Dopowiedzenie poddz. wspólnego
    • (Tablice statystyczne, dane statystyczne).
080 -Uniwersalna Klasyfikacja Dziesiętna [ , ]
    • 2
    • Identyfikator wydania tablic
    • UDC-P058
    • 9
    • UKD
    • 5492
    • a
    • Symbol klasyfikacji
    • 640-027.551
    • b
    • Dopowiedzenie
    • Prywatne gospodarstwo domowe.
    • 4
    • UKD2
    • 7642
    • x
    • Poddział wspólny
    • (438)
    • c
    • Dopowiedzenie poddz. wspólnego
    • (Polska).
    • 4
    • UKD2
    • 8220
    • x
    • Poddział wspólny
    • "20"
    • c
    • Dopowiedzenie poddz. wspólnego
    • Wiek XXI.
    • 4
    • UKD2
    • 13163
    • x
    • Poddział wspólny
    • (083.41)
    • c
    • Dopowiedzenie poddz. wspólnego
    • (Tablice statystyczne, dane statystyczne).
650 -Hasło przedmiotowe [ ,7]
    • a
    • Hasło przedmiotowe
    • Rodzina
    • z
    • Określnik geograficzny
    • Polska
    • z
    • Określnik geograficzny
    • Dolnośląskie, Województwo (1999- )
    • v
    • Określnik formalny
    • statystyki.
    • 2
    • Źródło terminu
    • kaba
    • 9
    • KHW
    • 376477
980 -Symbol UKD [ , ]
    • a
    • UKD
    • 314.117.3:640-027.551](438)"20"(083.41)
700 -Hasło dodatkowe - nazwa osobowa [1, ]
    • a
    • Nazwa osobowa (NP)
    • Wronkowska, Renata. Find
    • e
    • Określenie rodzaju współpracy
    • Red.
    • 9
    • KHW
    • 81616
700 -Hasło dodatkowe - nazwa osobowa [1, ]
    • a
    • Nazwa osobowa (NP)
    • Rozkrut, Dominik. Find
    • e
    • Określenie rodzaju współpracy
    • Red.
    • 9
    • KHW
    • 81615
700 -Hasło dodatkowe - nazwa osobowa [1, ]
    • a
    • Nazwa osobowa (NP)
    • Kacperczyk, Ewa. Find
    • e
    • Określenie rodzaju współpracy
    • Oprac.
    • 9
    • KHW
    • 81614
710 -Hasło dodatkowe - nazwa ciała zbiorowego [1, ]
    • a
    • Nazwa ciała zbiorowego lub nazwa geograficzna jako pierwszy element (NP)
    • Województwo Zachodniopomorskie (Polska).
    • b
    • Nazwa jednostki podrzędnej (P)
    • Urząd Statystyczny.
    • 4
    • Kod relacji
    • pbl
    • 9
    • KHW
    • 51231
856 -Dostęp do wersji elektronicznej [4,1]
920 -ISBN [ , ]
    • a
    • ISBN
    • 978-83-88718-89-2 Find
Numer inwentarzowy Status udost. Data inwentaryzacji Lokalizacja
E.75740-22015-04-24BE
S.95579-22017-12-08BE